Ancient India; (Record no. 75041)

MARC details
000 -LEADER
fixed length control field 00808cam a22002651 4500
001 - CONTROL NUMBER
control field sa 67005226
003 - CONTROL NUMBER IDENTIFIER
control field DLC
005 - DATE AND TIME OF LATEST TRANSACTION
control field 20260227112355.0
008 - FIXED-LENGTH DATA ELEMENTS--GENERAL INFORMATION
fixed length control field 780930s1966 ii ab 000 0 eng
010 ## - LIBRARY OF CONGRESS CONTROL NUMBER
LC control number sa 67005226
035 ## - SYSTEM CONTROL NUMBER
System control number (OCoLC)4256851
040 ## - CATALOGING SOURCE
Original cataloging agency DLC
Transcribing agency NGenoU
Modifying agency DLC
043 ## - GEOGRAPHIC AREA CODE
Geographic area code a-ii---
045 ## - TIME PERIOD OF CONTENT
Time period code a-o0
050 00 - LIBRARY OF CONGRESS CALL NUMBER
Classification number DS451
Item number .T45
082 00 - DEWEY DECIMAL CLASSIFICATION NUMBER
Classification number 934
100 1# - MAIN ENTRY--PERSONAL NAME
Personal name Thapar, Romila.
245 10 - TITLE STATEMENT
Title Ancient India;
Remainder of title a textbook of history for middle schools.
260 ## - PUBLICATION, DISTRIBUTION, ETC.
Place of publication, distribution, etc. [New Delhi]
Name of publisher, distributor, etc. National Council of Educational Research and Training
Date of publication, distribution, etc. [1966]
300 ## - PHYSICAL DESCRIPTION
Extent 151 p.
Other physical details illus., maps.
Dimensions 25 cm.
500 ## - GENERAL NOTE
General note "Important dates": p. [143]-144.
500 ## - GENERAL NOTE
General note "Important personalities": p. [145]-147.
651 #0 - SUBJECT ADDED ENTRY--GEOGRAPHIC NAME
Geographic name India
General subdivision History
Chronological subdivision To 324 B.C.
651 #0 - SUBJECT ADDED ENTRY--GEOGRAPHIC NAME
Geographic name India
General subdivision History
Chronological subdivision 324 B.C.-1000 A.D.

No items available.

Powered by Koha